00565ngm a2200157 454500008004000000020001500040082001100055100002100066245012400087260003700211300001000248650002700258700002100285999001900306952008200325180718b2004 xxu||||| |||| 00| 0 eng d a1405106115 aI5 W52 aWest, Michael A. aBuilding team-based working: a practical guide to organizational transformationcby Michael A. West and Lynn Markiewich aOxfordbBPS Blackwell Bookc2004 a172p. aTeams in the workplace aMarkiewich, Lynn c447274d447274 00104070aIIPAbIIPAd2010-03-16oI5 W52pCD530r2018-07-21w2018-07-21yCD